LIBRARY & INFORMATION CENTRE, KCAET, TAVANUR

ONLINE PUBLIC ACCESS CATALOGUE (OPAC)

Kurekudi sankethika grantha nirupanangal / (Record no. 4545)

MARC details
000 -LEADER
fixed length control field 00472cam a2200169ua 4500
041 ## - LANGUAGE CODE
Language code of text/sound track or separate title mal
082 ## - DEWEY DECIMAL CLASSIFICATION NUMBER
Classification number 894.81209
Item number BAL/KU
100 ## - MAIN ENTRY--AUTHOR NAME
Personal name Balakrishna Pillai, A .
245 ## - TITLE STATEMENT
Title Kurekudi sankethika grantha nirupanangal /
260 ## - PUBLICATION, DISTRIBUTION, ETC. (IMPRINT)
Place of publication Kottayam :
Name of publisher Sahitya Parishad Co Operative Society Limited ,
Year of publication 1960.
300 ## - PHYSICAL DESCRIPTION
Number of Pages 130 ; .
942 ## - ADDED ENTRY ELEMENTS (KOHA)
Koha item type Books
Holdings
Withdrawn status Lost status Damaged status Home library Current library Date acquired Full call number Accession Number Koha item type
Withdrawn     KAUAET Malayalam University 07/04/2012 894.81209 1276 Books
free website counter